000 00577nam a2200205 a 4500
005 20140310183340.0
008 061129s19uu xx 00 eng d
020 _a8183700225
050 _aP 95
_b.B575 2005
100 _aBhatia, Arun
245 _aMedia flow and monitoring /
_cArun Bhatia
260 _aNew Delhi, India :
_bAkansha Publishing House,
_c2005.
300 _a262 p. :
_c23 cm.
521 _aMC
650 _aMass Communication.
650 _aMass media bibliography.
650 _aMedia communications ethics.
942 _cBK
_2lcc
_kFOR
999 _c21780
_d21780